National accounts of OECD countries 1997-2008 Financial accounts, flows

Salvato in:
Dettagli Bibliografici
Natura: Libro
Lingua:inglese
francese
Pubblicazione: Paris OECD 2010
Soggetti:
Tags: Aggiungi Tag
Nessun Tag, puoi essere il primo ad aggiungerne!!

MARC

LEADER 00000nam a2200000 4500
001 0126539
005 20240422073032.6
020 |a 978-92-64-08240-3 
022 |a 1992-8777 
041 0 |a eng 
041 0 |a fre 
044 |a FR 
245 1 0 |a National accounts of OECD countries 1997-2008  |b Financial accounts, flows 
264 1 |a Paris  |b OECD  |c 2010 
300 |a 579 s. 
610 2 0 |a účty národné 
610 2 0 |a účtovníctvo národné